000 00573nam#a22002295a#4500
001 2337
008 140605s2012####ag############000#0#und#d
245 1 0 _aSobibor /
_cJuan Molla : traducido por Josefina Anaya.
250 _a1ª ed.
260 _aSan Isidro :
_bMacmillán,
_c2012.
300 _a192 p. ;
_c21 cm.
020 _a9789876720427
100 1 _aMolla, Juan.
700 1 _aAnaya, Josefina.
_4trl
080 _a82-311.6
084 _aM 75
653 _aLiteratura
040 _aAR-ClEAG
_cAR-ClEAG
005 20241107184741.0
003 AR-ClEAG
942 _cBK
999 _c2337
_d2337
980 _62
_aEvangelina Gallicchio
_82
_gEvangelina Gallicchio